000 01306nam a2200217Ia 4500
003 Ost
005 20260507075743.0
008 260507s9999||||xx |||||||||||||| ||und||
040 _cfsecg
041 _aara
082 _a330
100 _aمحمد، محمد محمود عبد ربه
_eمؤلف
245 0 _aطريقك الى البورصة :
_bمخاطر الإعتماد على البيانات المحاسبية عند تقييمك للإستثمارات في سوق الأوراق المالية /
_c محمد محمود عبد ربه محمد
260 _aالإسكندرية:
_bالدار الجامعية,
_c2000
300 _a288 صفحة؛
_bإيضاحات ؛
_c24 سم
520 _aالإستثمارات في الأوراق المالية ومخاطرها- اتفاقية تحرير الخدمات المالية والمصرفية وتأثيرها على السوق الاوراق المالية في مصر- مخاطر الإعتماد على البيانات المحاسبية عند تقييم الإستثمارات في سوق المالية في مصر- معايير تقييم الإستثمارات في سوق الاوراق المالية.
653 _aالإستثمارات
653 _aالأوراق المالية
653 _aالبورصة
942 _cكتاب
999 _c46166
_d46166